Ideas paso a paso: manualidades prácticas para el hogar
Salvato in:
| Natura: | Libro |
|---|---|
| Lingua: | spagnolo |
| Pubblicazione: |
Barcelona
Grijalbo
1997
|
| Edizione: | 1a. ed |
| Soggetti: | |
| Tags: |
Aggiungi Tag
Nessun Tag, puoi essere il primo ad aggiungerne!!
|
MARC
| LEADER | 00000nam a2200000 a 4500 | ||
|---|---|---|---|
| 001 | UCH6163 | ||
| 003 | CL-VaPUC | ||
| 008 | 091109e19970000SP |||||||||||||||||spa|d | ||
| 020 | |a 842533148X | ||
| 020 | |a 8425331633 v.1 | ||
| 020 | |a 8425331641 v.2 | ||
| 020 | |a 842533165X v.3 | ||
| 082 | 0 | 4 | |a 745.5 |b IDE |2 21 |
| 245 | 1 | 0 | |a Ideas paso a paso: manualidades prácticas para el hogar |
| 250 | |a 1a. ed | ||
| 300 | |a 3 v | ||
| 942 | |c BK | ||
| 945 | |d 20091109 00:00:00 |a ccalabra | ||
| 260 | |a Barcelona |b Grijalbo |c 1997 | ||
| 500 | |a Telas alegres, v. 1 | ||
| 500 | |a Costura, aromas y recetas, v. 2 | ||
| 500 | |a Con papel y pinceles, v. 3 | ||
| 650 | 0 | |a Artes |9 268202 | |
| 650 | 0 | |a Artes manuales |9 358103 | |
| 650 | 0 | |a Artesanía |9 353181 | |
| 650 | 7 | |a MANUALIDADES |2 CL-VaPUC |9 470690 | |
| 650 | 7 | |a DECORACION |2 CL-VaPUC |9 358110 | |
| 650 | 0 | |a Educación |9 258661 | |
| 650 | 0 | |a Creatividad |9 310816 | |
| 583 | |a last modification |c 20091109 00:00:00 |k Rodrigo Vera | ||
| 999 | |c 337114 |d 337112 | ||